| 000 | 00408nam a22001217a 4500 | ||
|---|---|---|---|
| 999 |
_c1869 _d1869 |
||
| 005 | 20200904121751.0 | ||
| 008 | 200904b ||||| |||| 00| 0 eng d | ||
| 020 | _a0717506967 | ||
| 040 | _cCML | ||
| 245 |
_aWoodwork Designing, Constructions and Workshop Practice. _cMaynard, J. |
||
| 260 |
_aGreat Britain _bHulton Educational Publications _c1975 |
||
| 942 |
_2ddc _cBK _e1st Edition _h684.08 _mMAY |
||